|
|
|
|
| LEADER |
00000cas a22000004a 4500 |
| 001 |
vtls008883818 |
| 003 |
SK-MaSNL |
| 005 |
20260228162212.0 |
| 008 |
021119d19901992xr br p 0 0 b0czeoc |
| 035 |
|
|
|a (SVKBB03)vtls000139491
|
| 040 |
|
|
|a SVKBB
|b slo
|c SVKBB
|d SNK
|e AACR2
|
| 041 |
0 |
|
|a cze
|
| 044 |
|
|
|a xr
|c CZ
|
| 072 |
|
7 |
|a 004
|x Počítačová veda. Výpočtová technika. Informačné technológie
|2 konspekt
|
| 080 |
|
|
|a 004
|2 2011
|
| 080 |
|
|
|a 050
|2 2011
|
| 080 |
|
|
|a (051)-048.55
|2 2011
|
| 245 |
0 |
0 |
|a Popular Computer Magazin
|
| 260 |
|
|
|a Praha
|b POPULAR COMPUTER PUBLISHING
|c 1990-1992
|
| 300 |
|
|
|a 3 zv.
|c 30 cm
|
| 310 |
|
|
|a 6x ročne
|
| 362 |
0 |
|
|a Roč. 1, č. 1 (1990)-roč.3, č. 1 (1992)
|
| 650 |
0 |
7 |
|a výpočtová technika
|2 SNKPH
|9 1126
|
| 655 |
|
7 |
|a špecializované časopisy
|2 SNKPH
|9 70509
|
| 910 |
|
|
|a snk
|
| 999 |
|
|
|c 7113
|d 9043
|
| 952 |
|
|
|0 0
|1 1
|4 0
|7 0
|a SNK
|b SNK
|d 1997-04-17
|l 0
|o snkČB 5377/1992
|p 17A0061305
|r 2005-01-02 00:00:00
|t č. 1
|w 2026-02-21
|y PREZ
|
| 952 |
|
|
|0 0
|1 1
|4 0
|7 0
|a SNK
|b SNK
|d 1997-04-17
|l 0
|o snkČB 5377/1991
|p 17A0061306
|r 2005-01-02 00:00:00
|t č. 1-3
|w 2026-02-21
|y PREZ
|